Organizaciones sucesoras del paramilitarismo Lecciones para aprender del eterno retorno de la guerra

Bibliographic Details
Format: eBook
Language:Spanish
Published: Bogot:̀ Comisin̤ Colombiana de Juristas, 2018
Subjects:
Online Access:Acceso restringido

MARC

LEADER 00000nam a22000007a 4500
005 20200921213752.0
007 cr|||| ||||
008 200921s2018 co |||||s|||| 00||0 spa d
020 |a 978-958-9348-84-0 
035 |a 32073 
040 |a vLex 
090 |c 10736  |d 10736 
245 0 0 |a Organizaciones sucesoras del paramilitarismo  |h [Recurso electrn̤ico] :  |b Lecciones para aprender del eterno retorno de la guerra 
256 |a Servicio en ln̕ea 
260 |a Bogot:̀  |b Comisin̤ Colombiana de Juristas,  |c 2018 
300 |a 1 recurso electrn̤ico 
506 1 |a Disponible solo en los productos indicados  |d vLex Global  |d vLex Global (Academic Edition, excluding Law Schools)  |d vLex Global (U.S. Academic Edition, Law Schools)  |d vLex Global (U.S. Academic Edition, excluding Law Schools)  |d vLex Global (Academic Edition, Law Schools) 
650 0 4 |a Derecho Pb︢lico y Administrativo  |z Colombia 
740 0 |a vLex Libros (Servicio en ln̕ea) 
856 4 0 |u http://vlex.com/source/organizaciones-sucesoras-paramilitarismo-32073  |z Acceso restringido 
942 |c BOOK 
999 0 |a Public and Administrative Law